Brief calculus : (Record no. 29138)
[ view plain ]
| 000 -LEADER | |
|---|---|
| fixed length control field | 01409 am a2200361ua 4500 |
| 001 - CONTROL NUMBER | |
| control field | 011296053 |
| 003 - CONTROL NUMBER IDENTIFIER | |
| control field | EG-ScBUE |
| 005 - DATE AND TIME OF LATEST TRANSACTION | |
| control field | 20210601093618.0 |
| 008 - FIXED-LENGTH DATA ELEMENTS--GENERAL INFORMATION | |
| fixed length control field | 040304s2003 njua f 001 0 eng d |
| 020 ## - INTERNATIONAL STANDARD BOOK NUMBER | |
| International Standard Book Number | 0131219766 (pbk.) |
| 020 ## - INTERNATIONAL STANDARD BOOK NUMBER | |
| International Standard Book Number | 9780131219762 |
| 040 ## - CATALOGING SOURCE | |
| Original cataloging agency | Uk |
| Language of cataloging | eng |
| Description conventions | rda |
| Transcribing agency | Uk |
| Modifying agency | EG-ScBUE |
| 082 04 - DEWEY DECIMAL CLASSIFICATION NUMBER | |
| Classification number | 515 |
| Item number | ARM |
| Edition number | 22 |
| 100 1# - MAIN ENTRY--PERSONAL NAME | |
| Personal name | Armstrong, Bill |
| Fuller form of name | (William A.) |
| Relator term | author. |
| 245 10 - TITLE STATEMENT | |
| Title | Brief calculus : |
| Remainder of title | solving problems in business, economics, and the social and behavioral sciences / |
| Statement of responsibility, etc | Bill Armstrong, Don Davis. |
| 250 ## - EDITION STATEMENT | |
| Edition statement | Second edition, |
| Remainder of edition statement | international edition. |
| 264 #1 - PUBLICATION, DISTRIBUTION, ETC. (IMPRINT) | |
| Place of publication, distribution, etc | New Jersey : |
| Name of publisher, distributor, etc | Prentice Hall, Pearson Education, |
| Date of publication, distribution, etc | 2003. |
| 300 ## - PHYSICAL DESCRIPTION | |
| Extent | xxii, 702 pages : |
| Other physical details | illustrations ; |
| Dimensions | 25 cm |
| 336 ## - CONTENT TYPE | |
| Content type term | text |
| Source | rdacontent |
| Content type code | txt |
| 337 ## - MEDIA TYPE | |
| Media type term | unmediated |
| Source | rdamedia |
| Media type code | n |
| 338 ## - CARRIER TYPE | |
| Carrier type term | volume |
| Source | rdacarrier |
| Carrier type code | nc |
| 500 ## - GENERAL NOTE | |
| General note | Previous ed. published: 2000. |
| 500 ## - GENERAL NOTE | |
| General note | Includes index. |
| 650 #7 - SUBJECT ADDED ENTRY--TOPICAL TERM | |
| Topical term or geographic name as entry element | Calculus. |
| Source of heading or term | BUEsh |
| 653 ## - INDEX TERM--UNCONTROLLED | |
| Resource For college | Generalities |
| Arrived date list | June2021 |
| 655 ## - INDEX TERM--GENRE/FORM | |
| Form subdivision | Reading book |
| 9 (RLIN) | 34232 |
| 700 1# - ADDED ENTRY--PERSONAL NAME | |
| Personal name | Davis, Don, |
| Dates associated with a name | 1958- |
| Relator term | author. |
| 886 2# - FOREIGN MARC INFORMATION FIELD | |
| 2 | ukmarc |
| a | 900 |
| b | 10 |
| a | Armstrong |
| h | William A. |
| x | See also |
| a | Armstrong, Bill (William A.) |
| z | 100 |
| 886 2# - FOREIGN MARC INFORMATION FIELD | |
| 2 | ukmarc |
| a | 900 |
| b | 10 |
| a | Davis |
| h | Donald E. |
| k | Donald Edgar |
| c | 1958- |
| x | See |
| a | Davis, Don, |
| x | 1958- |
| z | 700 |
| 886 2# - FOREIGN MARC INFORMATION FIELD | |
| 2 | ukmarc |
| a | 900 |
| b | 10 |
| a | Davis |
| h | Donald Edgar |
| c | 1958- |
| x | See |
| a | Davis, Don, |
| x | 1958- |
| z | 700 |
| 942 ## - ADDED ENTRY ELEMENTS (KOHA) | |
| Source of classification or shelving scheme | Dewey Decimal Classification |
| Koha item type | Book - Borrowing |
| Withdrawn status | Lost status | Source of classification or shelving scheme | Damaged status | Not for loan | Collection code | Home library | Current library | Shelving location | Date acquired | Source of acquisition | Total Checkouts | Full call number | Barcode | Date last seen | Price effective from | Koha item type |
|---|---|---|---|---|---|---|---|---|---|---|---|---|---|---|---|---|
| Dewey Decimal Classification | Baccah | Central Library | Central Library | First floor | 01/06/2021 | Purchase | 515 ARM | 000050270 | 15/07/2025 | 01/06/2021 | Book - Borrowing |